| 000 | 00732cam a2200193 4500 | ||
|---|---|---|---|
| 001 | WB3532-18 | ||
| 008 | 000000n1999 000 0 eng u | ||
| 035 | _a(Sirsi) u102553 | ||
| 245 | _aCities link to promote regions as financial centres. | ||
| 260 | _c1999 | ||
| 490 |
_aFinancial Times _v18 August 1999, 7(1) |
||
| 520 | _aThe Manchester Financial and Professional Forum is launching a three year research and development project aimed at promoting regional cities such as Manchester and Birmingham as financial and professional centres able to compete with London. | ||
| 650 | _aMANCHESTER | ||
| 650 | _aBIRMINGHAM | ||
| 650 | _aREGIONS | ||
| 650 | _aBUSINESS LOCATIONS | ||
| 690 | _aECONOMIC AND SOCIAL | ||
| 942 | _n0 | ||
| 999 |
_c61559 _d61559 |
||